Les 10 Sports les plus regardés en France - Statistiques

Statistiques générales
  • Ce quiz a été pris 2 419 fois
  • Le résultat moyen est 7 sur 10
Statistiques - réponses
Classement Popularité Chaînes de Diffusion Sport % Correct
1er 72% Canal+ / Amazon Prime / beIN Sports / RMC Sport Football
100%
3ème 33% M6 / TF1 / beIN Sports Rugby
89%
2ème 36% France TV / TF1 / Eurosport / beIN Sports Tennis
89%
4ème 29% LNB TV / France 3 / beIN Sports Basketball
88%
7ème 20% beIN Sports Handball
79%
10ème 11% France TV Natation
64%
5ème 28% France TV / Eurosport Cyclisme
62%
9ème 15% Canal + Sports Automobiles
60%
6ème 24% France TV / Eurosport Athlétisme
54%
8ème 16% RMC Sport / beIN Sports Boxe
49%
Aucun quiz correspondant
Distribution des résultats
% des personnes avec chaque résultat
Percentile par nombre de réponses
Votre historique - résultats
Vous n’avez pas pris ce quiz